Principles of environmental chemistry / (Record no. 124472)
[ view plain ]
| 000 -LEADER | |
|---|---|
| fixed length control field | 00812nam a22002417a 4500 |
| 005 - DATE AND TIME OF LATEST TRANSACTION | |
| control field | 20170124105940.0 |
| 010 ## - LIBRARY OF CONGRESS CONTROL NUMBER | |
| LC control number | A-939829 |
| 020 ## - INTERNATIONAL STANDARD BOOK NUMBER | |
| Terms of availability | 00.00 |
| International Standard Book Number | 8172251246 |
| 035 ## - SYSTEM CONTROL NUMBER | |
| System control number | A-939829 |
| 037 ## - SOURCE OF ACQUISITION | |
| Source of stock number/acquisition | Cen Lib/Ret |
| 040 ## - CATALOGING SOURCE | |
| Original cataloging agency | DPL |
| Language of cataloging | EN |
| 082 ## - DEWEY DECIMAL CLASSIFICATION NUMBER | |
| Classification number | 363.7 |
| Item number | KOT |
| 100 ## - MAIN ENTRY--PERSONAL NAME | |
| Personal name | Kothandaraman, H. |
| 9 (RLIN) | 10874 |
| 245 ## - TITLE STATEMENT | |
| Title | Principles of environmental chemistry / |
| Statement of responsibility, etc | by H. Kothandaraman [and] Geetha Swaminathan |
| 260 ## - PUBLICATION, DISTRIBUTION, ETC. (IMPRINT) | |
| Place of publication, distribution, etc | Chennai |
| Name of publisher, distributor, etc | B. I. Publications |
| Date of publication, distribution, etc | 1997 |
| 270 ## - ADDRESS | |
| Address | 150, Mount Road |
| City | Chennai |
| Postal code | 600002 |
| 300 ## - PHYSICAL DESCRIPTION | |
| Extent | iv,361p. |
| Dimensions | 21cm(Hb) |
| 500 ## - GENERAL NOTE | |
| General note | Includes bibliographic references and index |
| 650 ## - SUBJECT ADDED ENTRY--TOPICAL TERM | |
| Topical term or geographic name as entry element | Environmental chemistry |
| 9 (RLIN) | 10875 |
| 650 ## - SUBJECT ADDED ENTRY--TOPICAL TERM | |
| Topical term or geographic name as entry element | Environmental chemistry--Study and teaching (Secondary) |
| 9 (RLIN) | 10876 |
| 700 ## - ADDED ENTRY--PERSONAL NAME | |
| Personal name | Swaminathan, Geetha |
| 9 (RLIN) | 10877 |
| 942 ## - ADDED ENTRY ELEMENTS (KOHA) | |
| Source of classification or shelving scheme | Dewey Decimal Classification |
| Koha item type | English Books |
| Classification part | 363.7 |
| Call number suffix | KOT |
| Withdrawn status | Lost status | Damaged status | Not for loan | Home library | Current library | Date acquired | Source of acquisition | Cost, normal purchase price | Total Checkouts | Full call number | Barcode | Date last seen | Copy number | Cost, replacement price | Price effective from | Koha item type | Public note |
|---|---|---|---|---|---|---|---|---|---|---|---|---|---|---|---|---|---|
| Written off | Central Library | Central Library | 16/06/2015 | Cen Lib/Ret | 0.00 | 363.7 KOT | A-939829 | 16/06/2015 | 1 | 0.00 | 15/09/2016 | English Books | W/d List No. 6874/ 20; dtd 20/08/2020 |
